000 00542nam a22001817a 4500
005 20170720164651.0
010 _aENG-119268
020 _a9789382536956
_c295.00
035 _aEN-102800
037 _bDBAD/PUB
082 _a881
100 _aNitu
245 _aResurrection:
_cby Nitu
_ba women reborn /
260 _aNew Delhi
_bLifi Publication(Free Verse)
_c2016
270 _a211, 2nd floor, Gangadeep 12, Rajendra Place
_bNew Delhi
_e110008
300 _axiii,130p. :
_c20cm(Pbk)
_bill
942 _2ddc
_cEN
_h881
_mNIT
999 _c142749
_d142749